[Event "32nd world junior championship"]
[Site "Kozhikode"]
[Date "1998.11.27"]
[Round "10"]
[White "Salazar, Juan Fernando"]
[Black "De Wachter, Matthias"]
[Result "1-0"]
[WhiteElo "2150"]
[BlackElo "2170"]
[Source "365chess.com"]

1. e4 c5 2. Nf3 Nc6 3. d4 cxd4 4. Nxd4 e5 5. Nb5 d6 6. N1c3 a6 7. Na3 b5 8. Nd5
Nge7 9. c4 Nd4 10. Be3 Nxd5 11. cxd5 Be7 12. Bd3 Qa5+ 13. Qd2 Bd8 14. Bxd4 exd4
15. Qxa5 Bxa5+ 16. Ke2 f5 17. Nc2 Bb6 18. f3 O-O 19. Rac1 fxe4 20. Bxe4 Bf5
21. Rhf1 Rac8 22. Nb4 Rc5 23. Kd3 Bd8 24. Nxa6 Rxd5 25. Rfe1 Ba5 26. Re2 Bxe4+
27. Rxe4 Rg5 28. Re2 Re5 29. Rxe5 dxe5 30. Nc5 Rc8 31. Nb3 Rxc1 32. Nxc1 Kf7
33. Ke4 Ke6 34. Nd3 Bc7 35. f4 exf4 36. Nxf4+ Bxf4 37. Kxf4 Kd5 38. Kf3 Kc4
39. Ke2 b4 40. Kd2 g6 41. g3 1-0